|
|
|
|
| LEADER |
02042nam a22003974a 4500 |
| 001 |
EBC3052037 |
| 003 |
MiAaPQ |
| 005 |
20200520144314.0 |
| 006 |
m o d | |
| 007 |
cr cn||||||||| |
| 008 |
040219s2004 enka sb 001 0 eng |
| 010 |
|
|
|z 2004004042
|
| 020 |
|
|
|z 0195174097 (cloth : alk. paper)
|
| 020 |
|
|
|z 0195174100 (pbk. : alk. paper)
|
| 035 |
|
|
|a (MiAaPQ)EBC3052037
|
| 035 |
|
|
|a (Au-PeEL)EBL3052037
|
| 035 |
|
|
|a (CaPaEBR)ebr10103710
|
| 035 |
|
|
|a (CaONFJC)MIL55920
|
| 035 |
|
|
|a (OCoLC)61344223
|
| 040 |
|
|
|a MiAaPQ
|c MiAaPQ
|d MiAaPQ
|
| 043 |
|
|
|a d------
|
| 050 |
|
4 |
|a HG5993
|b .L38 2004
|
| 082 |
0 |
4 |
|a 332.63/22/091724
|2 22
|
| 100 |
1 |
|
|a Lavelle, Kathryn C.
|
| 245 |
1 |
4 |
|a The politics of equity finance in emerging markets
|h [electronic resource] /
|c Kathryn C. Lavelle.
|
| 260 |
|
|
|a Oxford ;
|a New York :
|b Oxford University Press,
|c 2004.
|
| 300 |
|
|
|a xx, 273 p. :
|b ill.
|
| 504 |
|
|
|a Includes bibliographical references (p. 251-265) and index.
|
| 505 |
0 |
|
|a Politics and the extension of equity finance to emerging markets -- Equity finance in historical perspective -- Financing joint-stock companies in the colonial era -- New states, new state involvement -- Globalization without integration : international considerations -- Privatization and share supply in emerging markets -- Case studies of stock exchanges in regional perspective -- Latin America and the Caribbean -- Asia and the Pacific -- Russia and Eastern Europe -- Africa and the Middle East -- Conclusion -- Stock markets in the global political economy.
|
| 533 |
|
|
|a Electronic reproduction. Ann Arbor, MI : ProQuest, 2015. Available via World Wide Web. Access may be limited to ProQuest affiliated libraries.
|
| 650 |
|
0 |
|a Securities
|z Developing countries.
|
| 650 |
|
0 |
|a Stock exchanges
|z Developing countries.
|
| 651 |
|
0 |
|a Developing countries
|x Economic policy.
|
| 655 |
|
4 |
|a Electronic books.
|
| 710 |
2 |
|
|a ProQuest (Firm)
|
| 856 |
4 |
0 |
|u https://ebookcentral.proquest.com/lib/matrademy/detail.action?docID=3052037
|z Click to View
|